[Event "World Chess Olympiad 2018"]
[Site "Batumi"]
[Date "2018.10.03"]
[Round "9"]
[Board "1"]
[WhiteFideId "3900258"]
[White "Ynojosa Aponte Felix Jose"]
[BlackFideId "15400263"]
[Black "Wong Kai Meng"]
[Result "1-0"]
[LiveChessVersion "1.4.8"]
[BlackElo "1661"]
[WhiteElo "2370"]

1. c4 {[%clk 1:30:58]} Nf6 {[%clk 1:30:48]} 2. Nc3 {[%clk 1:31:24]} e6
{[%clk 1:31:09]} 3. e4 {[%clk 1:31:51]} d5 {[%clk 1:31:19]} 4. e5
{[%clk 1:32:18]} d4 {[%clk 1:30:58]} 5. exf6 {[%clk 1:32:44]} dxc3
{[%clk 1:31:04]} 6. bxc3 {[%clk 1:33:11]} Qxf6 {[%clk 1:31:14]} 7. d4
{[%clk 1:33:37]} b6 {[%clk 1:30:08]} 8. Nf3 {[%clk 1:34:03]} Bb7 {[%clk 1:30:07]}
9. Ne5 {[%clk 1:33:35]} Qd8 {[%clk 1:17:04]} 10. Be2 {[%clk 1:32:16]} Bd6
{[%clk 1:07:03]} 11. Qa4+ {[%clk 1:29:50]} c6 {[%clk 1:06:44]} 12. f4
{[%clk 1:30:15]} Bxe5 {[%clk 0:59:56]} 13. fxe5 {[%clk 1:30:13]} Qh4+
{[%clk 1:00:07]} 14. g3 {[%clk 1:30:22]} Qe4 {[%clk 1:00:03]} 15. Rf1
{[%clk 1:30:47]} O-O {[%clk 0:56:11]} 16. Ba3 {[%clk 1:27:50]} Rd8
{[%clk 0:49:52]} 17. Bd6 {[%clk 1:28:09]} c5 {[%clk 0:36:11]} 18. Rd1
{[%clk 1:28:26]} Nc6 {[%clk 0:25:04]} 19. Rf4 {[%clk 1:23:15]} Qe3
{[%clk 0:18:48]} 20. Rd3 {[%clk 1:22:00]} Qg1+ {[%clk 0:18:56]} 21. Rf1
{[%clk 1:22:16]} Qxh2 {[%clk 0:19:08]} 22. d5 {[%clk 1:16:59]} exd5
{[%clk 0:12:45]} 23. cxd5 {[%clk 1:16:53]} Na5 {[%clk 0:08:33]} 24. Qf4
{[%clk 1:15:42]} Ba6 {[%clk 0:03:27]} 25. Qxf7+ {[%clk 1:16:05]} Kh8
{[%clk 0:03:49]} 26. e6 {[%clk 1:16:01]} Bxd3 {[%clk 0:03:47]} 27. Bxd3
{[%clk 1:16:26]} Qh6 {[%clk 0:03:33]} 28. Ke2 {[%clk 1:04:11]} Qg5
{[%clk 0:00:48]} 29. e7 {[%clk 1:02:41]} Re8 {[%clk 0:01:05]} 30. Qxe8+
{[%clk 1:02:38]} Rxe8 {[%clk 0:01:18]} 31. Rf8+ {[%clk 1:03:06]} 1-0

[Event "World Chess Olympiad 2018"]
[Site "Batumi"]
[Date "2018.10.03"]
[Round "9"]
[Board "3"]
[WhiteFideId "3902480"]
[White "Vivas Zamora Fabian Ernesto"]
[BlackFideId "15400212"]
[Black "Celis Joel"]
[Result "0-1"]
[LiveChessVersion "1.4.8"]
[BlackElo "1840"]
[WhiteElo "2363"]

1. e4 {[%clk 1:30:47]} c5 {[%clk 1:30:35]} 2. Nf3 {[%clk 1:31:02]} Nc6
{[%clk 1:30:55]} 3. Bb5 {[%clk 1:31:18]} g6 {[%clk 1:31:12]} 4. O-O
{[%clk 1:30:55]} Bg7 {[%clk 1:31:32]} 5. c3 {[%clk 1:31:21]} e5 {[%clk 1:31:17]}
6. d4 {[%clk 1:31:20]} cxd4 {[%clk 1:24:32]} 7. cxd4 {[%clk 1:31:43]} exd4
{[%clk 1:17:24]} 8. Bf4 {[%clk 1:29:15]} Qf6 {[%clk 1:06:49]} 9. Bg5
{[%clk 1:24:35]} Qe6 {[%clk 1:02:05]} 10. Nbd2 {[%clk 1:23:55]} Nge7
{[%clk 0:59:29]} 11. Bc4 {[%clk 1:20:05]} Qd6 {[%clk 0:47:01]} 12. e5
{[%clk 1:11:17]} Qb4 {[%clk 0:34:54]} 13. a3 {[%clk 1:08:32]} Qb6
{[%clk 0:34:02]} 14. Bf6 {[%clk 1:07:17]} O-O {[%clk 0:30:34]} 15. Ne4
{[%clk 1:06:30]} Bxf6 {[%clk 0:20:04]} 16. exf6 {[%clk 1:00:21]} d5
{[%clk 0:16:55]} 17. Nd6 {[%clk 1:00:20]} Nf5 {[%clk 0:11:43]} 18. Nxf5
{[%clk 0:49:29]} Bxf5 {[%clk 0:07:44]} 19. Bxd5 {[%clk 0:49:03]} Rad8
{[%clk 0:08:02]} 20. Qd2 {[%clk 0:47:46]} Ne5 {[%clk 0:06:46]} 21. Nxe5
{[%clk 0:41:13]} Rxd5 {[%clk 0:07:07]} 22. Rfe1 {[%clk 0:40:26]} Qxf6
{[%clk 0:07:15]} 23. Qf4 {[%clk 0:40:35]} Qd6 {[%clk 0:06:13]} 24. Qg3
{[%clk 0:37:29]} Re8 {[%clk 0:03:28]} 25. Nf3 {[%clk 0:33:11]} Rxe1+
{[%clk 0:03:52]} 26. Rxe1 {[%clk 0:33:36]} Qxg3 {[%clk 0:03:25]} 27. fxg3
{[%clk 0:33:13]} Bc2 {[%clk 0:01:59]} 28. Kf2 {[%clk 0:29:38]} d3
{[%clk 0:02:05]} 29. Re8+ {[%clk 0:28:08]} Kg7 {[%clk 0:02:30]} 30. Ke3
{[%clk 0:28:30]} Rb5 {[%clk 0:02:23]} 31. b4 {[%clk 0:27:45]} a5 {[%clk 0:02:35]}
32. Nd4 {[%clk 0:27:17]} Rd5 {[%clk 0:02:13]} 33. Re7 {[%clk 0:26:31]} Rxd4
{[%clk 0:01:58]} 0-1

[Event "World Chess Olympiad 2018"]
[Site "Batumi"]
[Date "2018.10.03"]
[Round "9"]
[Board "4"]
[WhiteFideId "15400611"]
[White "Ip Weng Tou"]
[BlackFideId "4401859"]
[Black "Palencia Morales Wilson Guillermo"]
[Result "0-1"]
[LiveChessVersion "1.4.8"]
[BlackElo "2345"]
[WhiteElo "1405"]

1. e4 {[%clk 1:30:57]} d6 {[%clk 1:30:31]} 2. d4 {[%clk 1:31:10]} Nf6
{[%clk 1:30:55]} 3. Nc3 {[%clk 1:31:28]} g6 {[%clk 1:31:19]} 4. Be3
{[%clk 1:31:49]} c6 {[%clk 1:31:19]} 5. h3 {[%clk 1:30:25]} b5 {[%clk 1:31:40]}
6. a3 {[%clk 1:29:40]} Nbd7 {[%clk 1:31:34]} 7. Qd2 {[%clk 1:23:54]} Bg7
{[%clk 1:30:41]} 8. Bh6 {[%clk 1:17:50]} Bxh6 {[%clk 1:26:07]} 9. Qxh6 Qa5
{[%clk 1:26:19]} 10. b4 {[%clk 1:00:32]} Qb6 {[%clk 1:26:25]} 11. Nf3
{[%clk 0:59:43]} a5 {[%clk 1:23:43]} 12. e5 {[%clk 0:50:44]} dxe5
{[%clk 1:23:04]} 13. dxe5 {[%clk 0:50:40]} Nd5 {[%clk 1:17:33]} 14. Nxd5
{[%clk 0:43:49]} cxd5 {[%clk 1:17:47]} 15. Qg7 {[%clk 0:41:10]} Rf8
{[%clk 1:17:27]} 16. Bd3 {[%clk 0:37:57]} axb4 {[%clk 1:15:43]} 17. O-O
{[%clk 0:36:38]} Rxa3 {[%clk 1:15:49]} 18. Rab1 {[%clk 0:26:32]} Nc5
{[%clk 1:09:30]} 19. Ng5 {[%clk 0:21:00]} Bf5 {[%clk 1:04:21]} 20. Bxf5
{[%clk 0:19:04]} gxf5 {[%clk 1:04:36]} 21. Qxh7 {[%clk 0:16:31]} Ne4
{[%clk 0:48:34]} 22. Qxf5 {[%clk 0:15:34]} e6 {[%clk 0:39:51]} 23. Qf4
{[%clk 0:14:29]} Nxg5 {[%clk 0:39:47]} 24. Qxg5 {[%clk 0:14:49]} Qc5
{[%clk 0:40:05]} 25. Qd2 {[%clk 0:13:00]} Rc3 {[%clk 0:40:03]} 26. Rb2
{[%clk 0:12:43]} Rg8 {[%clk 0:40:02]} 27. Kh1 {[%clk 0:12:39]} Qc4
{[%clk 0:34:20]} 28. Re1 {[%clk 0:09:10]} Kd7 {[%clk 0:34:31]} 29. Qe2
{[%clk 0:08:29]} Qc5 {[%clk 0:31:45]} 30. Reb1 {[%clk 0:08:18]} Rc4
{[%clk 0:31:51]} 31. Qf3 {[%clk 0:05:33]} Rf8 {[%clk 0:27:05]} 32. Kg1
{[%clk 0:04:36]} Re4 {[%clk 0:20:32]} 33. Qf6 {[%clk 0:03:32]} Qd4
{[%clk 0:10:49]} 34. Ra2 {[%clk 0:03:15]} Rxe5 {[%clk 0:10:45]} 35. Kh2
{[%clk 0:02:53]} Re4 {[%clk 0:10:12]} 36. Qxd4 {[%clk 0:02:32]} Rxd4
{[%clk 0:10:36]} 37. Rab2 {[%clk 0:02:48]} Rc8 {[%clk 0:10:22]} 38. Rxb4
{[%clk 0:02:00]} Rxb4 {[%clk 0:10:46]} 39. Rxb4 {[%clk 0:02:25]} Rxc2
{[%clk 0:11:10]} 40. Rxb5 {[%clk 0:32:42]} Rxf2 {[%clk 0:41:33]} 41. Kg3
{[%clk 0:32:54]} Rf1 {[%clk 0:41:39]} 42. h4 {[%clk 0:25:43]} Ke7
{[%clk 0:41:47]} 43. Rb7+ {[%clk 0:25:36]} Kf6 {[%clk 0:40:51]} 44. Rd7
{[%clk 0:23:47]} Ke5 {[%clk 0:40:45]} 45. h5 {[%clk 0:23:20]} Rh1
{[%clk 0:40:48]} 46. Kg4 {[%clk 0:21:26]} f5+ {[%clk 0:40:57]} 47. Kg5
{[%clk 0:21:04]} Rg1 {[%clk 0:41:17]} 48. Kg6 {[%clk 0:17:37]} Rxg2+
{[%clk 0:41:40]} 49. Kf7 {[%clk 0:17:54]} Rh2 {[%clk 0:42:04]} 50. Kg6
{[%clk 0:15:28]} f4 {[%clk 0:42:21]} 51. h6 {[%clk 0:14:42]} f3 {[%clk 0:42:38]}
52. h7 {[%clk 0:14:35]} Ke4 {[%clk 0:42:42]} 53. Kg7 {[%clk 0:12:42]} f2
{[%clk 0:41:06]} 54. Rf7 {[%clk 0:13:01]} Ke3 {[%clk 0:41:19]} 55. Rf6
{[%clk 0:12:36]} e5 {[%clk 0:41:35]} 56. Rh6 {[%clk 0:09:51]} Rxh6
{[%clk 0:41:08]} 57. Kxh6 {[%clk 0:09:36]} f1=Q 58. h8=Q Qh1+ {[%clk 0:40:55]}
0-1

[Event "World Chess Olympiad 2018"]
[Site "Batumi"]
[Date "2018.10.03"]
[Round "9"]
[Board "1"]
[WhiteFideId "2800020"]
[White "Gruenfeld Yehuda"]
[BlackFideId "11000120"]
[Black "Makoto Rodwell"]
[Result "0-1"]
[LiveChessVersion "1.4.8"]
[BlackElo "2338"]
[WhiteElo "2418"]

1. e4 {[%clk 1:30:53]} e5 {[%clk 1:30:44]} 2. Nf3 {[%clk 1:31:18]} Nc6
{[%clk 1:31:09]} 3. Nc3 {[%clk 1:31:40]} Nf6 {[%clk 1:30:46]} 4. Bb5
{[%clk 1:32:03]} Bd6 {[%clk 1:30:27]} 5. d3 {[%clk 1:17:34]} a6 {[%clk 1:29:17]}
6. Ba4 {[%clk 1:09:53]} b5 {[%clk 1:27:53]} 7. Bb3 {[%clk 1:10:17]} Bc5
{[%clk 1:24:58]} 8. Bg5 {[%clk 1:01:18]} h6 {[%clk 1:24:08]} 9. Bxf6
{[%clk 1:01:34]} Qxf6 {[%clk 1:24:12]} 10. Nd5 {[%clk 1:01:57]} Qd8
{[%clk 1:22:26]} 11. c3 {[%clk 1:02:05]} O-O {[%clk 1:17:28]} 12. d4
{[%clk 0:59:46]} exd4 {[%clk 1:14:12]} 13. cxd4 {[%clk 0:59:41]} Ba7
{[%clk 1:14:32]} 14. Rc1 {[%clk 0:55:39]} Bb7 {[%clk 1:14:34]} 15. O-O
{[%clk 0:55:12]} Rc8 {[%clk 1:11:43]} 16. Qd3 {[%clk 0:50:04]} Ne7
{[%clk 1:09:50]} 17. Nf4 {[%clk 0:47:59]} d6 {[%clk 1:07:23]} 18. Bc2
{[%clk 0:44:10]} Ng6 {[%clk 0:57:31]} 19. Nh5 {[%clk 0:24:16]} c5
{[%clk 0:54:36]} 20. d5 {[%clk 0:24:09]} Qe7 {[%clk 0:51:54]} 21. Ng3
{[%clk 0:21:31]} c4 {[%clk 0:46:18]} 22. Qc3 {[%clk 0:18:23]} Ne5
{[%clk 0:39:10]} 23. Nf5 {[%clk 0:16:38]} Qf6 {[%clk 0:39:34]} 24. N3d4
{[%clk 0:15:53]} g6 {[%clk 0:38:16]} 25. Nxh6+ {[%clk 0:15:50]} Kg7
{[%clk 0:36:53]} 26. Ndf5+ {[%clk 0:13:16]} gxf5 {[%clk 0:37:18]} 27. Nxf5+
{[%clk 0:13:33]} Kg8 {[%clk 0:37:07]} 28. Qg3+ {[%clk 0:13:27]} Ng6
{[%clk 0:26:01]} 29. h4 {[%clk 0:13:36]} Kh8 {[%clk 0:23:41]} 30. Qg4
{[%clk 0:12:46]} Rfe8 {[%clk 0:18:22]} 31. Qh5+ {[%clk 0:10:52]} Kg8
{[%clk 0:18:41]} 32. Qh6 {[%clk 0:11:09]} Bd4 {[%clk 0:08:07]} 33. h5
{[%clk 0:09:53]} Bxb2 {[%clk 0:07:42]} 34. Rb1 {[%clk 0:08:45]} Be5
{[%clk 0:07:16]} 35. hxg6 {[%clk 0:07:10]} fxg6 {[%clk 0:07:35]} 36. Ne3
{[%clk 0:05:37]} Qg7 {[%clk 0:03:58]} 37. Qg5 {[%clk 0:04:45]} Rc7
{[%clk 0:02:49]} 38. Ng4 {[%clk 0:04:32]} Bc8 {[%clk 0:01:55]} 39. Nxe5
{[%clk 0:02:42]} Rxe5 {[%clk 0:01:49]} 40. Qd8+ {[%clk 0:32:40]} Kh7
{[%clk 0:32:16]} 41. f4 {[%clk 0:32:40]} Qe7 {[%clk 0:27:47]} 42. Qxe7+
{[%clk 0:32:55]} Rexe7 {[%clk 0:28:13]} 43. e5 {[%clk 0:32:32]} Rc5
{[%clk 0:28:18]} 44. Rbd1 {[%clk 0:32:03]} Bg4 {[%clk 0:26:38]} 45. Rd4
{[%clk 0:31:12]} a5 {[%clk 0:26:15]} 46. e6 {[%clk 0:27:21]} Kg7 {[%clk 0:24:11]}
47. f5 {[%clk 0:25:03]} gxf5 {[%clk 0:23:28]} 48. Bxf5 {[%clk 0:25:19]} Bxf5
{[%clk 0:23:48]} 49. Rxf5 {[%clk 0:25:42]} Rxe6 {[%clk 0:24:08]} 50. dxe6
{[%clk 0:23:23]} Rxf5 {[%clk 0:24:25]} 51. Rxd6 {[%clk 0:23:52]} Rc5
{[%clk 0:24:18]} 52. Rd1 {[%clk 0:22:46]} Kf6 {[%clk 0:24:20]} 53. Re1
{[%clk 0:22:57]} Ke7 {[%clk 0:24:02]} 54. Kf2 {[%clk 0:23:22]} c3
{[%clk 0:23:26]} 55. Rc1 {[%clk 0:23:49]} b4 {[%clk 0:22:43]} 56. Ke3
{[%clk 0:24:15]} Rd5 {[%clk 0:22:31]} 57. Rc2 {[%clk 0:24:10]} Kxe6
{[%clk 0:22:44]} 58. g4 {[%clk 0:24:03]} Kf6 {[%clk 0:21:30]} 59. Rh2
{[%clk 0:23:56]} Rd1 {[%clk 0:20:48]} 60. Rc2 {[%clk 0:23:22]} Kg5
{[%clk 0:21:03]} 61. Rg2 {[%clk 0:22:18]} a4 {[%clk 0:21:02]} 0-1

[Event "World Chess Olympiad 2018"]
[Site "Batumi"]
[Date "2018.10.03"]
[Round "9"]
[Board "2"]
[WhiteFideId "11309504"]
[White "Mushore Emarald Takudzwa"]
[BlackFideId "24149942"]
[Black "Varezhkin Viktor"]
[Result "1-0"]
[LiveChessVersion "1.4.8"]
[BlackElo "2261"]
[WhiteElo "2152"]

1. e4 {[%clk 1:30:57]} c5 {[%clk 1:30:56]} 2. Nf3 {[%clk 1:31:24]} Nc6
{[%clk 1:31:20]} 3. Nc3 {[%clk 1:31:44]} g6 {[%clk 1:31:44]} 4. d4
{[%clk 1:31:52]} cxd4 {[%clk 1:32:08]} 5. Nxd4 {[%clk 1:32:18]} Bg7
{[%clk 1:32:31]} 6. Be3 {[%clk 1:32:36]} Nf6 {[%clk 1:31:49]} 7. Bc4
{[%clk 1:30:47]} O-O {[%clk 1:29:43]} 8. Bb3 {[%clk 1:27:24]} d6 {[%clk 1:29:22]}
9. f3 {[%clk 1:27:22]} Nxd4 {[%clk 1:25:08]} 10. Bxd4 {[%clk 1:27:49]} Be6
{[%clk 1:25:30]} 11. Qd2 {[%clk 1:27:43]} Qa5 {[%clk 1:20:16]} 12. O-O-O
{[%clk 1:25:16]} Bxb3 {[%clk 1:20:39]} 13. cxb3 {[%clk 1:25:43]} Rfd8
{[%clk 1:15:15]} 14. Kb1 {[%clk 1:26:02]} Rac8 {[%clk 1:12:09]} 15. h4
{[%clk 1:20:12]} e5 {[%clk 1:06:12]} 16. Be3 {[%clk 1:20:33]} Nh5
{[%clk 1:06:32]} 17. g4 {[%clk 1:19:25]} Nf4 {[%clk 1:06:54]} 18. h5
{[%clk 1:18:40]} g5 {[%clk 0:58:50]} 19. h6 {[%clk 1:16:55]} Bf8 {[%clk 0:54:05]}
20. Bxf4 {[%clk 1:15:51]} gxf4 {[%clk 0:48:20]} 21. Nd5 {[%clk 1:14:34]} Qxd2
{[%clk 0:45:44]} 22. Rxd2 {[%clk 1:15:02]} f6 {[%clk 0:40:08]} 23. Nxf6+
{[%clk 1:14:33]} Kf7 {[%clk 0:40:30]} 24. Nd5 {[%clk 1:12:20]} Be7
{[%clk 0:32:37]} 25. Rh5 {[%clk 1:08:30]} Rg8 {[%clk 0:32:07]} 26. a4
{[%clk 1:07:24]} Ke6 {[%clk 0:29:16]} 27. Rhh2 {[%clk 1:06:02]} Rg6
{[%clk 0:28:28]} 28. b4 {[%clk 1:05:44]} a6 {[%clk 0:23:33]} 29. Rc2
{[%clk 1:01:44]} Rgg8 {[%clk 0:21:48]} 30. Ka2 {[%clk 1:01:38]} Bg5
{[%clk 0:20:51]} 31. a5 {[%clk 1:00:57]} Rc6 {[%clk 0:19:55]} 32. Kb3
{[%clk 1:00:18]} Kd7 {[%clk 0:19:49]} 33. Rc3 {[%clk 0:59:20]} Bd8
{[%clk 0:19:39]} 34. Ka4 {[%clk 0:58:52]} Rg6 {[%clk 0:15:31]} 35. b5
{[%clk 0:57:58]} Rc5 {[%clk 0:15:06]} 36. Rxc5 {[%clk 0:57:53]} dxc5
{[%clk 0:15:26]} 37. Rh5 {[%clk 0:56:06]} Bg5 {[%clk 0:14:23]} 38. b3
{[%clk 0:55:08]} Kd6 {[%clk 0:12:28]} 39. b6 {[%clk 0:54:35]} Kc6
{[%clk 0:10:17]} 40. b4 {[%clk 1:24:17]} cxb4 {[%clk 0:40:25]} 41. Nxb4+
{[%clk 1:24:38]} Kd6 {[%clk 0:37:05]} 42. Nd3 {[%clk 1:23:11]} Rg8
{[%clk 0:35:33]} 43. Kb3 {[%clk 1:22:46]} Ke6 {[%clk 0:27:32]} 44. Nc5+
{[%clk 1:22:58]} Kd6 {[%clk 0:27:52]} 45. Kb4 {[%clk 1:21:04]} Be7
{[%clk 0:27:21]} 46. Rf5 {[%clk 1:20:03]} Rc8 {[%clk 0:27:14]} 47. Nd3
{[%clk 1:19:07]} Ke6+ {[%clk 0:25:21]} 48. Kb3 {[%clk 1:19:33]} Bd6
{[%clk 0:17:35]} 49. Rg5 {[%clk 1:19:30]} 1-0

[Event "World Chess Olympiad 2018"]
[Site "Batumi"]
[Date "2018.10.03"]
[Round "9"]
[Board "3"]
[WhiteFideId "410551"]
[White "Martin Lewis"]
[BlackFideId "14300753"]
[Black "Masango Spencer"]
[Result "1-0"]
[LiveChessVersion "1.4.8"]
[BlackElo "2121"]
[WhiteElo "2128"]

1. e4 c5 {[%clk 1:29:39]} 2. Nf3 {[%clk 1:31:20]} e6 {[%clk 1:30:03]} 3. d4
{[%clk 1:31:39]} cxd4 {[%clk 1:30:27]} 4. Nxd4 {[%clk 1:32:03]} a6
{[%clk 1:30:49]} 5. Nc3 {[%clk 1:31:30]} b5 {[%clk 1:31:01]} 6. a3
{[%clk 1:31:07]} Bb7 {[%clk 1:31:19]} 7. g3 {[%clk 1:28:02]} Nf6 {[%clk 1:28:57]}
8. Bg2 {[%clk 1:28:26]} d6 {[%clk 1:28:49]} 9. O-O {[%clk 1:28:48]} Nbd7
{[%clk 1:29:06]} 10. Re1 {[%clk 1:28:44]} Rc8 {[%clk 1:23:22]} 11. e5
{[%clk 1:13:00]} Bxg2 {[%clk 1:02:26]} 12. exf6 {[%clk 1:13:23]} Bc6
{[%clk 1:02:48]} 13. fxg7 {[%clk 1:12:12]} Bxg7 {[%clk 1:02:57]} 14. Nf5
{[%clk 1:11:06]} O-O {[%clk 0:41:54]} 15. Nxg7 {[%clk 1:11:00]} Kxg7
{[%clk 0:40:30]} 16. Qxd6 {[%clk 1:11:20]} Nb6 {[%clk 0:38:45]} 17. Qe5+
{[%clk 1:09:24]} f6 {[%clk 0:34:49]} 18. Qxe6 {[%clk 1:09:04]} Nc4
{[%clk 0:34:47]} 19. Bf4 {[%clk 0:58:23]} Nxb2 {[%clk 0:25:57]} 20. Rab1
{[%clk 0:51:23]} Nc4 {[%clk 0:26:01]} 21. Rbd1 {[%clk 0:51:36]} Qe8
{[%clk 0:24:37]} 22. Qh3 {[%clk 0:43:42]} Qg6 {[%clk 0:20:10]} 23. Ne2
{[%clk 0:34:13]} Ne5 {[%clk 0:14:46]} 24. Nd4 {[%clk 0:34:03]} Bd7
{[%clk 0:14:37]} 25. Qg2 {[%clk 0:33:00]} Bg4 {[%clk 0:13:31]} 26. f3
{[%clk 0:31:47]} Bd7 {[%clk 0:06:31]} 27. Bxe5 {[%clk 0:31:14]} fxe5
{[%clk 0:06:51]} 28. Rxe5 {[%clk 0:31:29]} Rc4 {[%clk 0:06:51]} 29. Re7+
{[%clk 0:26:23]} Rf7 {[%clk 0:07:08]} 30. Qe2 {[%clk 0:26:40]} Qf6
{[%clk 0:06:15]} 31. Rxf7+ {[%clk 0:23:38]} Kxf7 {[%clk 0:06:33]} 32. Qe4
{[%clk 0:22:22]} Kf8 {[%clk 0:06:48]} 33. Qd5 {[%clk 0:18:55]} Bc6
{[%clk 0:04:08]} 34. Nxc6 {[%clk 0:18:08]} Rxc6 {[%clk 0:04:32]} 35. Rd4
{[%clk 0:17:56]} Rc4 {[%clk 0:03:27]} 36. Qa8+ {[%clk 0:16:52]} Kg7
{[%clk 0:03:16]} 37. Qb7+ {[%clk 0:14:42]} Kh6 {[%clk 0:03:19]} 38. Rxc4
{[%clk 0:14:19]} bxc4 {[%clk 0:03:32]} 39. Qe4 {[%clk 0:14:02]} Qa1+
{[%clk 0:03:01]} 40. Kf2 {[%clk 0:44:01]} Qxa3 {[%clk 0:33:14]} 41. Qe3+
{[%clk 0:43:57]} 1-0

[Event "World Chess Olympiad 2018"]
[Site "Batumi"]
[Date "2018.10.03"]
[Round "9"]
[Board "4"]
[WhiteFideId "11001364"]
[White "Elisha Thabo"]
[BlackFideId "12805165"]
[Black "Jankunas Tomas"]
[Result "1/2-1/2"]
[LiveChessVersion "1.4.8"]
[BlackElo "2093"]
[WhiteElo "2024"]

1. e4 {[%clk 1:27:46]} e5 {[%clk 1:30:52]} 2. Nf3 {[%clk 1:28:09]} Nf6
{[%clk 1:30:41]} 3. Nc3 {[%clk 1:28:06]} Nc6 {[%clk 1:30:13]} 4. Bb5
{[%clk 1:28:18]} Bb4 {[%clk 1:29:55]} 5. d3 {[%clk 1:26:38]} d6 {[%clk 1:27:49]}
6. h3 {[%clk 1:25:10]} O-O {[%clk 1:26:26]} 7. Bg5 {[%clk 1:24:03]} Qe7
{[%clk 1:13:50]} 8. O-O {[%clk 1:24:10]} Bxc3 {[%clk 1:14:07]} 9. bxc3
{[%clk 1:24:29]} Nd8 {[%clk 1:14:27]} 10. Bc4 {[%clk 1:08:17]} Be6
{[%clk 1:03:03]} 11. Bb3 {[%clk 1:08:27]} h6 {[%clk 1:03:18]} 12. Be3
{[%clk 1:05:42]} c5 {[%clk 0:49:43]} 13. Nd2 {[%clk 0:58:46]} d5 {[%clk 0:39:04]}
14. f4 {[%clk 0:44:29]} exf4 {[%clk 0:30:11]} 15. Rxf4 {[%clk 0:44:23]} Nc6
{[%clk 0:25:38]} 16. Qf3 {[%clk 0:08:23]} d4 {[%clk 0:17:20]} 17. cxd4 cxd4
{[%clk 0:17:02]} 18. Bf2 {[%clk 0:08:45]} Ne5 {[%clk 0:13:59]} 19. Qe2
{[%clk 0:08:42]} g5 {[%clk 0:10:49]} 20. Rxf6 {[%clk 0:06:17]} Qxf6
{[%clk 0:11:13]} 21. Bxd4 {[%clk 0:06:34]} Bxb3 {[%clk 0:09:06]} 22. axb3
{[%clk 0:06:09]} Qd6 {[%clk 0:08:20]} 23. Qe3 {[%clk 0:05:35]} b6
{[%clk 0:08:10]} 24. Rf1 {[%clk 0:05:26]} Rad8 {[%clk 0:06:15]} 25. Bb2
{[%clk 0:04:31]} Rfe8 {[%clk 0:04:11]} 26. Rf5 {[%clk 0:03:42]} Ng6
{[%clk 0:04:24]} 27. Nc4 {[%clk 0:03:36]} Qc6 {[%clk 0:04:31]} 28. Qg3
{[%clk 0:02:40]} Re6 {[%clk 0:02:56]} 29. Ne3 {[%clk 0:02:37]} Qd6
{[%clk 0:02:33]} 30. Qf2 {[%clk 0:01:18]} Rd7 {[%clk 0:01:02]} 31. Nd5
{[%clk 0:01:45]} Nf4 {[%clk 0:00:55]} 32. Nf6+ {[%clk 0:01:46]} Kf8
{[%clk 0:00:59]} 33. Nxd7+ {[%clk 0:02:11]} Qxd7 {[%clk 0:01:24]} 34. h4
{[%clk 0:02:23]} Qd8 {[%clk 0:00:44]} 35. Qf3 {[%clk 0:02:12]} Rg6
{[%clk 0:00:47]} 36. Kh2 {[%clk 0:02:24]} Qc7 {[%clk 0:00:44]} 37. Be5
{[%clk 0:01:52]} Qxc2 {[%clk 0:01:07]} 38. h5 {[%clk 0:01:28]} Re6
{[%clk 0:01:01]} 39. Bxf4 {[%clk 0:01:56]} gxf4 {[%clk 0:01:09]} 40. Qxf4
{[%clk 0:32:25]} Qxd3 {[%clk 0:30:38]} 41. Rxf7+ {[%clk 0:32:53]} Ke8
{[%clk 0:30:27]} 42. Rf8+ {[%clk 0:33:00]} Kd7 {[%clk 0:30:18]} 43. Qf7+
{[%clk 0:28:23]} Re7 {[%clk 0:30:32]} 44. Qf5+ {[%clk 0:28:31]} Kc6
{[%clk 0:28:25]} 45. Rf6+ {[%clk 0:24:33]} Kc7 {[%clk 0:24:30]} 46. Qf4+
{[%clk 0:22:47]} Kb7 {[%clk 0:24:37]} 47. e5 {[%clk 0:16:12]} Qxb3
{[%clk 0:17:59]} 48. Qe4+ {[%clk 0:16:42]} Ka6 {[%clk 0:17:46]} 49. Rxh6
{[%clk 0:09:58]} Qb5 {[%clk 0:12:21]} 50. e6 {[%clk 0:07:26]} Qg5
{[%clk 0:08:33]} 51. Qg6 {[%clk 0:06:31]} Qh4+ {[%clk 0:08:50]} 1/2-1/2

[Event "World Chess Olympiad 2018"]
[Site "Batumi"]
[Date "2018.10.03"]
[Round "9"]
[Board "1"]
[WhiteFideId "7700768"]
[White "Johnson Joshua"]
[BlackFideId "4300106"]
[Black "Dive Russell John"]
[Result "0-1"]
[LiveChessVersion "1.4.8"]
[BlackElo "2297"]
[WhiteElo "2261"]

1. e4 {[%clk 1:30:37]} e5 {[%clk 1:30:54]} 2. Nf3 {[%clk 1:31:04]} Nf6
{[%clk 1:31:19]} 3. Nxe5 {[%clk 1:31:32]} d6 {[%clk 1:31:43]} 4. Nf3
{[%clk 1:31:59]} Nxe4 {[%clk 1:32:08]} 5. Nc3 {[%clk 1:32:26]} Nxc3
{[%clk 1:32:21]} 6. dxc3 {[%clk 1:32:54]} Be7 {[%clk 1:32:38]} 7. Be3
{[%clk 1:33:20]} Nd7 {[%clk 1:32:52]} 8. Qd2 {[%clk 1:32:55]} O-O
{[%clk 1:30:53]} 9. O-O-O {[%clk 1:32:57]} Nc5 {[%clk 1:31:07]} 10. Kb1
{[%clk 1:23:17]} c6 {[%clk 1:27:01]} 11. h4 {[%clk 1:20:50]} Ne4 {[%clk 1:17:59]}
12. Qc1 {[%clk 1:15:47]} d5 {[%clk 1:12:08]} 13. h5 {[%clk 1:07:26]} Re8
{[%clk 0:59:36]} 14. c4 {[%clk 0:52:18]} Bf6 {[%clk 0:50:11]} 15. cxd5
{[%clk 0:49:09]} cxd5 {[%clk 0:50:33]} 16. Bc4 {[%clk 0:36:27]} Be6
{[%clk 0:44:31]} 17. Bb5 {[%clk 0:23:24]} Qa5 {[%clk 0:37:11]} 18. Bxe8
{[%clk 0:15:07]} d4 {[%clk 0:37:15]} 19. a3 {[%clk 0:15:10]} dxe3
{[%clk 0:35:29]} 20. Bd7 {[%clk 0:14:23]} e2 {[%clk 0:27:29]} 21. Rd3
{[%clk 0:12:59]} Bc4 {[%clk 0:19:53]} 22. Re3 {[%clk 0:10:30]} Nxf2
{[%clk 0:17:37]} 23. Nd2 {[%clk 0:03:14]} Ba6 {[%clk 0:16:29]} 24. Re1
{[%clk 0:00:50]} Bxb2 {[%clk 0:08:44]} 25. Kxb2 {[%clk 0:00:46]} Qb6+
{[%clk 0:09:04]} 26. Rb3 {[%clk 0:00:38]} Qd4+ {[%clk 0:07:58]} 27. Kb1
{[%clk 0:00:58]} Qxd7 {[%clk 0:08:00]} 28. Nf3 {[%clk 0:00:44]} h6
{[%clk 0:03:57]} 29. Qe3 {[%clk 0:00:43]} Ng4 {[%clk 0:04:07]} 30. Qd4
{[%clk 0:00:50]} Qe6 {[%clk 0:03:45]} 31. Qd2 {[%clk 0:00:38]} Re8
{[%clk 0:03:08]} 32. Kc1 {[%clk 0:01:02]} b6 {[%clk 0:00:55]} 33. Nd4
{[%clk 0:00:57]} Qe5 {[%clk 0:00:53]} 34. Kb1 {[%clk 0:00:51]} Rd8
{[%clk 0:00:45]} 35. Rb4 {[%clk 0:00:39]} Ne3 {[%clk 0:00:36]} 36. c3
{[%clk 0:00:32]} Nxg2 {[%clk 0:00:41]} 37. Rxe2 {[%clk 0:00:34]} Bxe2
{[%clk 0:00:44]} 38. Qxe2 {[%clk 0:00:51]} Qxe2 {[%clk 0:00:32]} 39. Nxe2
{[%clk 0:01:18]} Rd2 {[%clk 0:00:35]} 40. Re4 {[%clk 0:31:37]} f5
{[%clk 0:30:41]} 41. Re5 {[%clk 0:30:56]} f4 {[%clk 0:29:33]} 42. Nd4
{[%clk 0:30:41]} Kf7 {[%clk 0:28:30]} 43. a4 {[%clk 0:29:09]} Ne3
{[%clk 0:22:09]} 44. a5 {[%clk 0:28:04]} Rd3 {[%clk 0:18:41]} 45. a6
{[%clk 0:11:41]} Rxc3 {[%clk 0:16:45]} 46. Re4 {[%clk 0:09:07]} Nd5
{[%clk 0:15:44]} 47. Kb2 {[%clk 0:09:32]} Re3 {[%clk 0:15:13]} 48. Rxe3
{[%clk 0:09:33]} fxe3 {[%clk 0:15:33]} 49. Kc2 {[%clk 0:09:54]} Nb4+
{[%clk 0:15:43]} 50. Kc3 {[%clk 0:10:15]} Nxa6 {[%clk 0:16:05]} 51. Kd3
{[%clk 0:10:41]} Kf6 {[%clk 0:15:46]} 52. Kxe3 {[%clk 0:11:07]} Nc5
{[%clk 0:16:01]} 53. Kf3 {[%clk 0:10:57]} Kg5 {[%clk 0:15:42]} 54. Kg3
{[%clk 0:11:17]} a5 {[%clk 0:15:07]} 55. Kf3 {[%clk 0:11:41]} a4 {[%clk 0:15:23]}
56. Ke3 {[%clk 0:11:52]} a3 {[%clk 0:15:26]} 57. Nc2 {[%clk 0:12:15]} a2
{[%clk 0:15:40]} 58. Na1 {[%clk 0:12:29]} Kxh5 {[%clk 0:16:00]} 59. Kf4
{[%clk 0:12:45]} g5+ {[%clk 0:15:30]} 60. Kf5 {[%clk 0:12:43]} b5
{[%clk 0:15:38]} 0-1